000 00910nam a2200241Ia 4500
003 OSt
005 20220925215425.0
006 a|||||r|||| 00| 0
007 ta
008 220923b |||||||| |||| 00| 0 eng d
037 _cGeneral Book
040 _aRTL
_cRTL
_beng
041 _2eng
_aeng
082 _aX81.3,h,N17, L4/GD
110 _aGreat Britain, Government Of .... Monopolies And Mergers (Commission) (1947) (Chairman : E L Richardes)
_9282839
245 0 _aEagle star insurance company limited and bernard sunley investment trust limited and grovewood securities limited
260 _aLondon
_bHMSO UK
_c1974
300 _a83p.
_ccm.
650 _aInsurance
_9186169
700 _aGreat Britain, Government Of .... Monopolies And Mergers (Commission) (1947) (Chairman : E L Richardes)
_9282840
942 _hX81.3,h,N17, L4/GD
_cGB
_2CC
999 _c568763
_d568763